000 00412cam a2200169ua 4500
020 _c2.50
041 _amal
_h
082 _a891.43
_bTHI/HI
100 _aThiruvarp, N R .
245 _aHindi sahitya charithram /
_cN R Thiruvarp.
_hTextual Documents
260 _aKottayam :
_bNational Book Stall ,
_c1964.
300 _a218 ; .
365 _a2.50
504 _a
942 _cBK
999 _c6134
_d6134